000
00411nam a22001697a 4500
003
MPLRDC
005
20220104123530.0
008
210129b ||||| |||| 00| 0 eng d
082
_a
803.188 LDY
100
_a
刘德有
245
_a
现代日语趣谈
_c
250
_a
一版一刷
260
_a
_b
辽宁人民出版社
_c
1983
300
_b
平
650
_a
日语会话读本
942
_c
BK
_o
803.188 LDY
999
_c
12160
_d
12150